Ligue 1 (France) Teams Quiz - Statistics

General Stats
  • This quiz has been taken 70 times
  • The average score is 15 of 20
Answer Stats
Answer % Correct
Paris Saint-Germain
100%
Olympique Marseille
95%
Lille OSC
92%
Olympique Lyon
90%
FC Nantes
82%
AS Monaco
81%
Girondins de Bordeaux
81%
Montpellier HSC
81%
OGC Nice
79%
Stade Rennais
74%
AS Saint-Étienne
71%
RC Strasbourg
71%
Stade de Reims
71%
RC Lens
68%
Stade Brest
63%
FC Metz
60%
Troyes AC
56%
Angers SCO
52%
Clermont Foot
52%
FC Lorient
50%
No matching quizzes found
Score Distribution
Percent of People with Each Score
Percentile by Number Answered
Your Score History
You have not taken this quiz